000 00536nam a2200169Ia 4500
003 GCL
008 140319s9999 xx 000 0 ara d
040 _aGCL /
_cGCL
082 0 4 _a615.537
_bا ت
100 1 _aامين رويحة
245 1 0 _aالتداوى بالاعشاب بطريقة علمية تشمل الطب الحديث والقديم /
_cامين رويحة
260 _a[S.N] :
_bدار القلم للتراث
490 _a
650 0 4 _aالتداوى
650 0 4 _aالنباتات الطبية
942 _2ddc
_cBK
999 _c51032
_d51032